Desarrollo de una aplicación de escuela deportiva como herramienta para fomentar el deporte / (Registro nro. 5983)

Detalles MARC
000 -LEADER
fixed length control field 03076nam a2200229 4500
005 - DATE AND TIME OF LATEST TRANSACTION
control field 20250329165509.0
008 - FIXED-LENGTH DATA ELEMENTS--GENERAL INFORMATION
fixed length control field 170718s2024 000 0 eng d
040 ## - CATALOGING SOURCE
Original cataloging agency CO-CtgCURN
Language of cataloging spa
Transcribing agency coctgcurn
082 0# - DEWEY DECIMAL CLASSIFICATION NUMBER
Classification number TSI 2024
Item number I681
100 1# - MAIN ENTRY--PERSONAL NAME
Personal name Iriarte Cuentas, Andrés Felipe.
245 10 - TITLE STATEMENT
Title Desarrollo de una aplicación de escuela deportiva como herramienta para fomentar el deporte /
Statement of responsibility, etc. Andres Felipe Iriarte Cuentas Jeferson Daniel Suarez Bello Docente lder:Breiner Manuel Cervantes Morales.
260 ## - PUBLICATION, DISTRIBUTION, ETC.
Place of publication, distribution, etc. Cartagena de Indias :
Name of publisher, distributor, etc. Corporación Universitaria Rafael Nuñez,
Date of publication, distribution, etc. 2024.
300 ## - PHYSICAL DESCRIPTION
Extent 68 hojas.
504 ## - BIBLIOGRAPHY, ETC. NOTE
Bibliography, etc. note Trabajo de grado (Tecnologo en sistemas de información y software). Corporación Universitaria Rafael Nuñez. Facultad de ingenieria de sistema. Tecnologia en sistema de información y software, 2024.
520 ## - SUMMARY, ETC.
Summary, etc. "La falta de actividad física es una problemática que enfrentan la mayoría de personas en cualquier área de su vida. Según diversos estudios la falta de esta es uno de los principales factores de riesgo para la salud, ya que puede llevar a enfermedades como la obesidad, la diabetes y las enfermedades cardíacas. La falta de actividad física también puede afectar negativamente el bienestar mental y emocional de una persona, igualmente pasa en el ámbito escolar, la falta de actividad física es preocupante, los niños y jóvenes e incluso los profesores pasan la mayor parte del día en la escuela y no tienen oportunidades para realizar alguna actividad física durante ese tiempo, esto puede afectar negativamente el rendimiento académico, ya que está comprobado que el ejercicio físico puede mejorar la concentración y la memoria. Es porque el desarrollo de una aplicación deportiva podra motivar a los estudiantes a participar en programas ofreciendo un fácil acceso a información sobre las actividades deportivas disponibles, horarios, ubicaciones, etc. Además, una aplicación deportiva puede ser una herramienta eficaz para la gestión y el control de estas, lo que permite una mayor organización y eficacia en la planificación y ejecución de dichas actividades.También puede ser una herramienta para recopilar información sobre la participación de los usuarios sean estudiantes de una institución a personas que usen la aplicación en sus clubes de estas, lo que puede ser útil para la evaluación y mejora de dichas actividades. Los datos recopilados también pueden ayudar a identificar patrones y tendencias en la participación deportiva, lo que puede ser útil para la toma de decisiones y la planificación futura. ."
650 #0 - SUBJECT ADDED ENTRY--TOPICAL TERM
Topical term or geographic name entry element Sistemas de información y software
General subdivision Tesis y disertaciones academicas.
700 1# - ADDED ENTRY--PERSONAL NAME
Personal name Suárez Bello, Jeferson Daniel.
700 1# - ADDED ENTRY--PERSONAL NAME
Personal name Cervantes Morales, Breiner Manuel,
Relator term asesor.
856 ## - ELECTRONIC LOCATION AND ACCESS
Uniform Resource Identifier <a href="https://unicurn.sharepoint.com/:b:/s/biblioteca/EXLvaSvWZThNsffIGQRNcr4BFHLmba1hmh5JdAY6emG2sQ?e=J6ypgc">https://unicurn.sharepoint.com/:b:/s/biblioteca/EXLvaSvWZThNsffIGQRNcr4BFHLmba1hmh5JdAY6emG2sQ?e=J6ypgc</a>
Public note Click aqui para ver el recurso en texto completo
942 ## - ADDED ENTRY ELEMENTS (KOHA)
Classification part TSI 2024
Item part I681
Source of classification or shelving scheme Dewey Decimal Classification
Koha item type Trabajos de grado
Existencias
Withdrawn status Lost status Damaged status Not for loan Collection Home library Current library Shelving location Date acquired Cost, normal purchase price Inventory number Total checkouts Full call number Barcode Date last seen Price effective from Koha item type
        Trabajos de grado Miguel Henríquez Castañeda Miguel Henríquez Castañeda Trabajo de grado 09/23/2018 35000.00 025358   TSI 2024 I681 025358 03/29/2025 03/29/2025 Trabajos de grado